<?xml version="1.0" encoding="UTF-8"?><?xml-stylesheet type="text/xsl" href="static/style.xsl"?><OAI-PMH xmlns="http://www.openarchives.org/OAI/2.0/" xmlns:xsi="http://www.w3.org/2001/XMLSchema-instance" xsi:schemaLocation="http://www.openarchives.org/OAI/2.0/ http://www.openarchives.org/OAI/2.0/OAI-PMH.xsd"><responseDate>2026-04-18T04:24:00Z</responseDate><request verb="GetRecord" identifier="oai:www.recercat.cat:20.500.12327/631" metadataPrefix="marc">https://recercat.cat/oai/request</request><GetRecord><record><header><identifier>oai:recercat.cat:20.500.12327/631</identifier><datestamp>2025-10-22T11:30:19Z</datestamp><setSpec>com_2072_4428</setSpec><setSpec>com_2072_4427</setSpec><setSpec>col_2072_487898</setSpec></header><metadata><record xmlns="http://www.loc.gov/MARC21/slim" xmlns:dcterms="http://purl.org/dc/terms/" xmlns:xsi="http://www.w3.org/2001/XMLSchema-instance" xmlns:doc="http://www.lyncode.com/xoai" xsi:schemaLocation="http://www.loc.gov/MARC21/slim http://www.loc.gov/standards/marcxml/schema/MARC21slim.xsd">
   <leader>00925njm 22002777a 4500</leader>
   <datafield ind2=" " ind1=" " tag="042">
      <subfield code="a">dc</subfield>
   </datafield>
   <datafield ind2=" " ind1=" " tag="720">
      <subfield code="a">López-Serrano, Sergi</subfield>
      <subfield code="e">author</subfield>
   </datafield>
   <datafield ind2=" " ind1=" " tag="720">
      <subfield code="a">Galofré-Milà, Nuria</subfield>
      <subfield code="e">author</subfield>
   </datafield>
   <datafield ind2=" " ind1=" " tag="720">
      <subfield code="a">Costa-Hurtado, Mar</subfield>
      <subfield code="e">author</subfield>
   </datafield>
   <datafield ind2=" " ind1=" " tag="720">
      <subfield code="a">Pérez-de-Rozas, Ana M.</subfield>
      <subfield code="e">author</subfield>
   </datafield>
   <datafield ind2=" " ind1=" " tag="720">
      <subfield code="a">Aragon, Virginia</subfield>
      <subfield code="e">author</subfield>
   </datafield>
   <datafield ind2=" " ind1=" " tag="260">
      <subfield code="c">2020-01-30</subfield>
   </datafield>
   <datafield ind2=" " ind1=" " tag="520">
      <subfield code="a">Background&#xd;
Previous studies have shown that the genus Moraxella is commonly present in the nasal microbiota of swine.&#xd;
&#xd;
Results&#xd;
In this study, 51 isolates of Moraxella were obtained from nasal swabs from 3 to 4 week old piglets, which represented 26 different fingerprintings by enterobacterial repetitive intergenic consensus (ERIC)-PCR. Whole 16S rRNA gene sequencing allowed the identification at species level of the Moraxella spp. isolates. The majority of the field strains were identified as Moraxella pluranimalium, but Moraxella porci was also detected. In addition, a cluster of 7 strains did not group with any described Moraxella species, probably representing a new species. Subsequent phenotypic characterization indicated that strains of Moraxella pluranimalium were mainly sensitive to serum complement, while the cluster representing the putative new species was highly resistant. Biofilm formation capacity was very variable among the Moraxella spp. isolates, while adherence to epithelial cell lines was similar among selected strains. Additionally, variability was also observed in the association of selected strains to porcine alveolar macrophages. Antimicrobial tests evidenced the existence of multidrug-resistance in the strains.&#xd;
&#xd;
Conclusions&#xd;
In summary, phenotypic characterization revealed heterogeneity among Moraxella strains from the nasal cavity of piglets. Strains with pathogenic potential were detected as well as those that may be commensal members of the nasal microbiota. However, the role of Moraxella in porcine diseases and health should be further evaluated.</subfield>
   </datafield>
   <datafield ind1="8" ind2=" " tag="024">
      <subfield code="a">López-Serrano, Sergi, Nuria Galofré-Milà, Mar Costa-Hurtado, Ana M. Pérez-de-Rozas, and Virginia Aragon. 2020. "Heterogeneity Of Moraxella Isolates Found In The Nasal Cavities Of Piglets". BMC Veterinary Research 16 (1). Springer Science and Business Media LLC. doi:10.1186/s12917-020-2250-9.</subfield>
   </datafield>
   <datafield ind1="8" ind2=" " tag="024">
      <subfield code="a">1746-6148</subfield>
   </datafield>
   <datafield ind1="8" ind2=" " tag="024">
      <subfield code="a">http://hdl.handle.net/20.500.12327/631</subfield>
   </datafield>
   <datafield ind1="8" ind2=" " tag="024">
      <subfield code="a">https://doi.org/10.1186/s12917-020-2250-9</subfield>
   </datafield>
   <datafield ind2="0" ind1="0" tag="245">
      <subfield code="a">Heterogeneity of Moraxella isolates found in the nasal cavities of piglets</subfield>
   </datafield>
</record></metadata></record></GetRecord></OAI-PMH>